Регионална библиотека "Любен Каравелов" - Русе

Животът на излишния човек (Запис номер 65660)

MARC детайли
000 -Лидер
Контролно поле с фиксирана дължина 01064nam a2200301 c 4500
003 - Код на организацията, давaща контролен номер
Контролно поле BLK
005 - Дата и час на последна редакция
Контролно поле 20240202135011.0
008 - Елементи от данни с фиксирана дължина
fixed length control field 180408b bul|||||r ||||||| ||bul||
010 ## - Наследен системен номер
LC control number KNG00069941000
020 ## - Международен стандартен номер на книга ISBN
Международен стандартен номер на книга ISBN 954-9415-22-8
-- издат.: Водолей
040 ## - Източник на каталожния запис
Идентификатор на билиотеката - собственик на записа BLK
041 ## - Код за език
Код за езика на текст/звукозапис или на отделно заглавие Български
Код за езика КДБФ Български
080 ## - УДК
Текстов определител УДК Българска литература
УДК код - определител по УДК 821.163.2
УДК определител -311.6
УДК - код + определител 821.163.2-311.6
100 1# - Редна дума - Автор
Автор Христозов, Петър
Авторска отговорност първи автор
R(LIN) 251078
139 ## - Редно поле
Редна дума Христозов, Петър
Авторски знак Христод - Х 82
245 10 - Сведения за заглавието
Заглавие Животът на излишния човек
Подзаглавни данни Полит. роман
Редно поле (дума) Петър Христозов.
257 ## - Страна на издаване
Страна на създаване/издаване България
260 ## - Област на издателските данни
-- София
Име на издателя, разпространителя и проч. Водолей
Година на издаване 2006
300 ## - Физическа характеристика
Страници 192 с.
Размери/Мащаб 23 см
380 ## - Жанр
Жанр Худож. лит.
500 ## - Общи забележки
Забележка Петър Христозов - псевд. на Христо Вълчев. - Офс. изд.
852 ## - Местоположение
Форматна сигнатура Цб 230337
856 4# - Електронен адрес и достъп
Електронен формат pdf - файл
Път до файла /url/
856 4# - Електронен адрес и достъп
Електронен формат pdf - файл
Път до файла /url/
942 ## - АРТИКУЛИ
Вид на библиотечния материал Книги
Скрит в OPAC Не
Koha issues (borrowed), all copies 9
944 ## - СЪЗДАВАНЕ И РЕДАКЦИЯ на ЗАПИСА
Създаване/Редакция Създаване
Дата на регистрацията/редакция 11.12.2006
Служител, извършил регистрацията/редакцията 30564
Статус, дата на статуса Галина Якимова
944 ## - СЪЗДАВАНЕ И РЕДАКЦИЯ на ЗАПИСА
Създаване/Редакция Редакция
Дата на регистрацията/редакция 18.07.2007
Служител, извършил регистрацията/редакцията
999 ## - СИСТЕМНИ КОНТРОЛНИ НОМЕРА
Koha biblionumber 65660
Koha biblioitemnumber 65660
Наличности
Код за отписване Код за изгубен артикул Код за повреда Коз за рестрикции Код за отдаване Артикулен № Име на библиотеката - собственик Име на библиотеката, в която се намира в момента Статус (Текущо местоположение) Дата на вписване в системата Местоположение - отдел Цена в лева Инвентарен номер Систематично азбучна сигнатура Баркод Номер на екземпляра Цена в евро Служебна бележка Служебен тип на артикула
  Не е изгубен Не е повреден без рестрикции заемане за дома 108328 Регионална библиотека "Любен Каравелов" Русе Регионална библиотека "Любен Каравелов" Русе Заемна - подръчен фонд 2006-12-11 Заемна - подръчен фонд 7.00 120000707339 П 886.7-31/Х 82 120000707339 1 3.58 Дост: Pk Вид: Ф N: 22 Дата: 11.12.2006 Дата инв: 09.02.2018 Бележки инв: П2018 Книги
  Не е изгубен Не е повреден без рестрикции ползва се в читалня 108329 Регионална библиотека "Любен Каравелов" Русе Регионална библиотека "Любен Каравелов" Русе Хранилище 2007-07-04 Хранилище 7.00 120000715277 Цб 230337 120000715277 2 3.58 Дост: Dp Вид: Д N: 7 Дата: 26.01.2007 Книги
Vip Innovations Ltd, Rousse, Bulgaria 2025